000 00667cam a2200229 a 4500
001 4928688
003 OSt
005 20241105150443.0
008 960124s1996 nyua b 001 0 eng
020 _a0070254478 (text)
020 _a9780070254473
020 _a0078442958 (text and IT tutor CDROM)
040 _c1
050 0 0 _aT58.5
_b.H33 1996
100 1 _aHaag, Stephen.
245 1 0 _aInformation technology :
_btomorrow's advantage today /
_cStephen Haag, Peter Keen.
260 _aNew York :
_bMcGraw-Hill,
_cc1996.
300 _axxi, 332 p. :
_bcol. ill. ;
_c26 cm.
650 0 _aInformation technology.
700 1 _aKeen, Peter G. W.
942 _2lcc
_cBK
_n0
999 _c643
_d643